Stacje kolejowe na linii kolejowej nr 213 - Statystyki

Ogólne statystyki
  • Ten quiz został rozwiązany 16 razy
  • Średni wynik to 8 z 14
Odpowiedzi na mapie
Odpowiedzi zakodowano w zielono-czerwonej skali na mapie do tego quizu, zgodnie z poniższymi procentami.
 
Statystyki odpowiedzi
Stacja kolejowa % Poprawnych
Hel
100%
Puck
94%
Władysławowo
94%
Jastarnia
88%
Reda
81%
Chałupy
69%
Jurata
69%
Władysławowo Port
56%
Kuźnica (Hel)
50%
Jastarnia Wczasy
44%
Swarzewo
31%
Reda Rekowo
25%
Żelistrzewo
25%
Mrzezino
19%
Nie znaleziono quizów pasujących do podanych kryteriów
Rozkład punktacji
Procent ludzi z każdym wynikiem
Percentyl według liczby udzielonych odpowiedzi
Twoja historia wyników
Nie rozwiązałeś tego quizu